<?xml version="1.0" encoding="UTF-8"?><marc:collection xmlns:marc="http://www.loc.gov/MARC21/slim">
  <marc:record>
    <marc:leader>04385cam#a2200757#cb4500</marc:leader>
    <marc:controlfield tag="001">990229201100206441</marc:controlfield>
    <marc:controlfield tag="003">DE-605</marc:controlfield>
    <marc:controlfield tag="005">20250113055614.0</marc:controlfield>
    <marc:controlfield tag="007">cr#|||||||||||</marc:controlfield>
    <marc:controlfield tag="008">190626|2006####gw #####o#####|||#|#ger#c</marc:controlfield>
    <marc:datafield tag="016" ind1="7" ind2=" ">
      <marc:subfield code="a">931986644</marc:subfield>
      <marc:subfield code="2">OCoLC</marc:subfield>
    </marc:datafield>
    <marc:datafield tag="020" ind1=" " ind2=" ">
      <marc:subfield code="a">9783865930477</marc:subfield>
    </marc:datafield>
    <marc:datafield tag="020" ind1=" " ind2=" ">
      <marc:subfield code="a">3865930476</marc:subfield>
    </marc:datafield>
    <marc:datafield tag="024" ind1="7" ind2=" ">
      <marc:subfield code="a">10419/116411</marc:subfield>
      <marc:subfield code="2">hdl</marc:subfield>
    </marc:datafield>
    <marc:datafield tag="035" ind1=" " ind2=" ">
      <marc:subfield code="a">(DE-605)HT020111447</marc:subfield>
    </marc:datafield>
    <marc:datafield tag="035" ind1=" " ind2=" ">
      <marc:subfield code="a">(OCoLC)931986644</marc:subfield>
    </marc:datafield>
    <marc:datafield tag="035" ind1=" " ind2=" ">
      <marc:subfield code="a">(DE-599)GBV836221494</marc:subfield>
    </marc:datafield>
    <marc:datafield tag="040" ind1=" " ind2=" ">
      <marc:subfield code="a">1116</marc:subfield>
      <marc:subfield code="b">ger</marc:subfield>
      <marc:subfield code="c">DE-605</marc:subfield>
      <marc:subfield code="d">1116</marc:subfield>
      <marc:subfield code="e">rda</marc:subfield>
    </marc:datafield>
    <marc:datafield tag="041" ind1=" " ind2=" ">
      <marc:subfield code="a">ger</marc:subfield>
    </marc:datafield>
    <marc:datafield tag="044" ind1=" " ind2=" ">
      <marc:subfield code="c">XA-DE-NW</marc:subfield>
    </marc:datafield>
    <marc:datafield tag="049" ind1=" " ind2=" ">
      <marc:subfield code="a">DE-1116-DLR</marc:subfield>
    </marc:datafield>
    <marc:datafield tag="049" ind1=" " ind2=" ">
      <marc:subfield code="a">DE-1116</marc:subfield>
    </marc:datafield>
    <marc:datafield tag="084" ind1=" " ind2=" ">
      <marc:subfield code="a">QR 560</marc:subfield>
      <marc:subfield code="2">rvk</marc:subfield>
    </marc:datafield>
    <marc:datafield tag="245" ind1="0" ind2="0">
      <marc:subfield code="a">GATS-Dienstleistungsliberalisierung</marc:subfield>
      <marc:subfield code="b">sektorale Auswirkung und temporäre Mobilität von Erwerbstätigen</marc:subfield>
      <marc:subfield code="c">Thomas Fritz; Kai Mosebach; Werner Raza; Christoph Scherrer</marc:subfield>
    </marc:datafield>
    <marc:datafield tag="264" ind1=" " ind2="1">
      <marc:subfield code="a">Düsseldorf</marc:subfield>
      <marc:subfield code="b">Hans-Böckler-Stiftung</marc:subfield>
      <marc:subfield code="c">2006</marc:subfield>
    </marc:datafield>
    <marc:datafield tag="300" ind1=" " ind2=" ">
      <marc:subfield code="a">1 Online-Ressource (180 Seiten)</marc:subfield>
    </marc:datafield>
    <marc:datafield tag="336" ind1=" " ind2=" ">
      <marc:subfield code="a">Text</marc:subfield>
      <marc:subfield code="b">txt</marc:subfield>
      <marc:subfield code="2">rdacontent</marc:subfield>
    </marc:datafield>
    <marc:datafield tag="337" ind1=" " ind2=" ">
      <marc:subfield code="a">Computer</marc:subfield>
      <marc:subfield code="b">c</marc:subfield>
      <marc:subfield code="2">rdamedia</marc:subfield>
    </marc:datafield>
    <marc:datafield tag="338" ind1=" " ind2=" ">
      <marc:subfield code="a">Online-Ressource</marc:subfield>
      <marc:subfield code="b">cr</marc:subfield>
      <marc:subfield code="2">rdacarrier</marc:subfield>
    </marc:datafield>
    <marc:datafield tag="490" ind1="1" ind2=" ">
      <marc:subfield code="a">Edition der Hans-Böckler-Stiftung, Unternehmensmitbestimmung und Unternehmenssteuerung</marc:subfield>
      <marc:subfield code="v">168</marc:subfield>
    </marc:datafield>
    <marc:datafield tag="500" ind1=" " ind2=" ">
      <marc:subfield code="a">Literaturverzeichnis Seite 149-161</marc:subfield>
    </marc:datafield>
    <marc:datafield tag="520" ind1="3" ind2=" ">
      <marc:subfield code="a">Wesentliches Ziel des seit 1995 rechtsgültigen GATS-Vertrages (General Agreement on Trade in Services) ist die "fortschreitende Liberalisierung" sämtlicher Dienstleistungsmärkte. Um dieses Ziel zu erreichen, wird seit 2000 eine weitere Liberalisierung verhandelt. Die vorliegende Studie lotet die potenziellen Auswirkungen der derzeitigen Verhandlungspositionen auf den rechtlichen und institutionellen Handlungsrahmen der gewichtigen Sektoren Finanz-, Umwelt-, Transport- und Gesundheitsdienstleistungen aus. Der Fokus der Betrachtung liegt dabei auf möglichen Veränderungen für Beschäftigte im Dienstleistungssektor Deutschlands. Dabei werden zum Teil erhebliche Risiken für Beschäftigte und deren Vertretungsorgane identifiziert. Gerade öffentliche Dienste geraten unter Druck. Die geforderte Liberalisierung der temporären Arbeitsmigration läuft zudem Gefahr, bisherige tarifliche Vereinbarungen zu unterlaufen und die Rechte der ArbeitsmigrantInnen einzuschränken.</marc:subfield>
    </marc:datafield>
    <marc:datafield tag="538" ind1=" " ind2=" ">
      <marc:subfield code="i">Systemvoraussetzungen</marc:subfield>
      <marc:subfield code="a">PDF-Reader.</marc:subfield>
    </marc:datafield>
    <marc:datafield tag="591" ind1=" " ind2=" ">
      <marc:subfield code="a">Gesehen am 26.06.2019</marc:subfield>
    </marc:datafield>
    <marc:datafield tag="650" ind1=" " ind2="4">
      <marc:subfield code="a">GATS / (DE-627)091361907 / (DE-STW)19958-1</marc:subfield>
    </marc:datafield>
    <marc:datafield tag="650" ind1=" " ind2="4">
      <marc:subfield code="a">Wirkungsanalyse / (DE-627)09140116X / (DE-STW)10991-6</marc:subfield>
    </marc:datafield>
    <marc:datafield tag="650" ind1=" " ind2="4">
      <marc:subfield code="a">Finanzdienstleistung / (DE-627)091359848 / (DE-STW)18085-4</marc:subfield>
    </marc:datafield>
    <marc:datafield tag="650" ind1=" " ind2="4">
      <marc:subfield code="a">Umweltwirtschaft / (DE-627)091396166 / (DE-STW)12928-3</marc:subfield>
    </marc:datafield>
    <marc:datafield tag="650" ind1=" " ind2="4">
      <marc:subfield code="a">Verkehrssektor / (DE-627)09139757X / (DE-STW)13264-1</marc:subfield>
    </marc:datafield>
    <marc:datafield tag="650" ind1=" " ind2="4">
      <marc:subfield code="a">Gesundheitswesen / (DE-627)091363438 / (DE-STW)13371-0</marc:subfield>
    </marc:datafield>
    <marc:datafield tag="650" ind1=" " ind2="4">
      <marc:subfield code="a">Arbeitsmigranten / (DE-627)091348838 / (DE-STW)11268-3</marc:subfield>
    </marc:datafield>
    <marc:datafield tag="650" ind1=" " ind2="4">
      <marc:subfield code="a">Welt / (DE-627)09140004X / (DE-STW)16809-5</marc:subfield>
    </marc:datafield>
    <marc:datafield tag="650" ind1=" " ind2="4">
      <marc:subfield code="a">Deutschland / (DE-627)091354749 / (DE-STW)18012-3</marc:subfield>
    </marc:datafield>
    <marc:datafield tag="650" ind1=" " ind2="4">
      <marc:subfield code="a">EU-Staaten / (DE-627)091358639 / (DE-STW)17983-5</marc:subfield>
    </marc:datafield>
    <marc:datafield tag="689" ind1="0" ind2="0">
      <marc:subfield code="a">Allgemeines Übereinkommen über den Dienstleistungsverkehr</marc:subfield>
      <marc:subfield code="f">1994 April 15</marc:subfield>
      <marc:subfield code="D">u</marc:subfield>
      <marc:subfield code="0">(DE-588)4402869-6</marc:subfield>
    </marc:datafield>
    <marc:datafield tag="689" ind1="0" ind2="1">
      <marc:subfield code="a">Auswirkung</marc:subfield>
      <marc:subfield code="D">s</marc:subfield>
      <marc:subfield code="0">(DE-588)4112646-4</marc:subfield>
    </marc:datafield>
    <marc:datafield tag="689" ind1="1" ind2="0">
      <marc:subfield code="a">Arbeitnehmer</marc:subfield>
      <marc:subfield code="D">s</marc:subfield>
      <marc:subfield code="0">(DE-588)4002623-1</marc:subfield>
    </marc:datafield>
    <marc:datafield tag="689" ind1="1" ind2="1">
      <marc:subfield code="a">Dienstleistungssektor</marc:subfield>
      <marc:subfield code="D">s</marc:subfield>
      <marc:subfield code="0">(DE-588)4012183-5</marc:subfield>
    </marc:datafield>
    <marc:datafield tag="689" ind1="1" ind2="2">
      <marc:subfield code="a">Liberalisierung</marc:subfield>
      <marc:subfield code="D">s</marc:subfield>
      <marc:subfield code="0">(DE-588)4120670-8</marc:subfield>
    </marc:datafield>
    <marc:datafield tag="689" ind1="1" ind2="3">
      <marc:subfield code="a">Migration</marc:subfield>
      <marc:subfield code="D">s</marc:subfield>
      <marc:subfield code="0">(DE-588)4120730-0</marc:subfield>
    </marc:datafield>
    <marc:datafield tag="689" ind1="2" ind2="0">
      <marc:subfield code="a">Europäische Union</marc:subfield>
      <marc:subfield code="D">b</marc:subfield>
      <marc:subfield code="0">(DE-588)5098525-5</marc:subfield>
    </marc:datafield>
    <marc:datafield tag="689" ind1="2" ind2="1">
      <marc:subfield code="a">Allgemeines Übereinkommen über den Dienstleistungsverkehr</marc:subfield>
      <marc:subfield code="f">1994 April 15</marc:subfield>
      <marc:subfield code="D">u</marc:subfield>
      <marc:subfield code="0">(DE-588)4402869-6</marc:subfield>
    </marc:datafield>
    <marc:datafield tag="689" ind1="2" ind2="2">
      <marc:subfield code="a">Dienstleistungsmarkt</marc:subfield>
      <marc:subfield code="D">s</marc:subfield>
      <marc:subfield code="0">(DE-588)4124787-5</marc:subfield>
    </marc:datafield>
    <marc:datafield tag="689" ind1="2" ind2="3">
      <marc:subfield code="a">Liberalisierung</marc:subfield>
      <marc:subfield code="D">s</marc:subfield>
      <marc:subfield code="0">(DE-588)4120670-8</marc:subfield>
    </marc:datafield>
    <marc:datafield tag="700" ind1="1" ind2=" ">
      <marc:subfield code="a">Fritz, Thomas</marc:subfield>
      <marc:subfield code="d">1976-</marc:subfield>
      <marc:subfield code="0">(DE-588)135568226</marc:subfield>
      <marc:subfield code="4">oth</marc:subfield>
      <marc:subfield code="e">Sonstige</marc:subfield>
    </marc:datafield>
    <marc:datafield tag="700" ind1="1" ind2=" ">
      <marc:subfield code="a">Mosebach, Kai</marc:subfield>
      <marc:subfield code="4">oth</marc:subfield>
      <marc:subfield code="e">Sonstige</marc:subfield>
    </marc:datafield>
    <marc:datafield tag="700" ind1="1" ind2=" ">
      <marc:subfield code="a">Raza, Werner</marc:subfield>
      <marc:subfield code="d">1967-</marc:subfield>
      <marc:subfield code="0">(DE-588)115823743</marc:subfield>
      <marc:subfield code="4">oth</marc:subfield>
      <marc:subfield code="e">Sonstige</marc:subfield>
    </marc:datafield>
    <marc:datafield tag="700" ind1="1" ind2=" ">
      <marc:subfield code="a">Scherrer, Christoph</marc:subfield>
      <marc:subfield code="d">1956-</marc:subfield>
      <marc:subfield code="0">(DE-588)120284626</marc:subfield>
      <marc:subfield code="4">oth</marc:subfield>
      <marc:subfield code="e">Sonstige</marc:subfield>
    </marc:datafield>
    <marc:datafield tag="776" ind1="0" ind2=" ">
      <marc:subfield code="z">3865930476</marc:subfield>
    </marc:datafield>
    <marc:datafield tag="776" ind1="0" ind2=" ">
      <marc:subfield code="z">9783865930477</marc:subfield>
    </marc:datafield>
    <marc:datafield tag="776" ind1="0" ind2="8">
      <marc:subfield code="i">Druckausgabe</marc:subfield>
      <marc:subfield code="t">GATS-Dienstleistungsliberalisierung</marc:subfield>
      <marc:subfield code="d">Düsseldorf : Hans-Böckler-Stiftung, 2006</marc:subfield>
      <marc:subfield code="h">178 S.</marc:subfield>
      <marc:subfield code="z">3865930476</marc:subfield>
      <marc:subfield code="z">9783865930477</marc:subfield>
      <marc:subfield code="w">(DE-605)HT014797390</marc:subfield>
    </marc:datafield>
    <marc:datafield tag="830" ind1=" " ind2="0">
      <marc:subfield code="a">Edition der Hans-Böckler-Stiftung, Unternehmensmitbestimmung und Unternehmenssteuerung</marc:subfield>
      <marc:subfield code="w">(DE-600)2703336-3</marc:subfield>
      <marc:subfield code="v">168</marc:subfield>
    </marc:datafield>
    <marc:datafield tag="856" ind1="4" ind2="0">
      <marc:subfield code="u">http://hdl.handle.net/10419/116411</marc:subfield>
      <marc:subfield code="z">kostenfrei</marc:subfield>
    </marc:datafield>
    <marc:datafield tag="924" ind1="1" ind2=" ">
      <marc:subfield code="a">990229201100206441</marc:subfield>
      <marc:subfield code="b">DE-1116-DLR</marc:subfield>
      <marc:subfield code="c">NRW</marc:subfield>
      <marc:subfield code="d">d</marc:subfield>
    </marc:datafield>
    <marc:datafield tag="924" ind1="1" ind2=" ">
      <marc:subfield code="a">990229201100206441</marc:subfield>
      <marc:subfield code="b">DE-1116</marc:subfield>
      <marc:subfield code="c">NRW</marc:subfield>
      <marc:subfield code="d">d</marc:subfield>
    </marc:datafield>
    <marc:datafield tag="960" ind1="1" ind2=" ">
      <marc:subfield code="i">iall</marc:subfield>
    </marc:datafield>
  </marc:record>
</marc:collection>
